Family Feud #19 - Statistics

General Stats
  • This quiz has been taken 16 times
  • The average score is 4 of 6
Answer Stats
Hint Answer % Correct
29 Burp
86%
10 Fart
86%
26 Sneeze
79%
4 Cough
71%
9 Hiccup
36%
10 Snore
36%
No matching quizzes found
Score Distribution
Percent of People with Each Score
Percentile by Number Answered
Your Score History
You have not taken this quiz